[Event "Titled Tuesday intern op 03rd Jan Late"]
[Site "Chess.com INT"]
[Date "2025.06.03"]
[Round "3"]
[White "Bian, Alex"]
[Black "Leiva Rodriguez, Jeammarco Giuseppe"]
[Result "0-1"]
[WhiteElo "2342"]
[BlackElo "2387"]
[PlyCount "136"]
[EventDate "2025.06.03"]
[EventType "swiss (blitz)"]
[EventRounds "11"]
[EventCountry "USA"]
[SourceTitle "CB24_2025"]
[SourceDate "2025.06.11"]
[SourceVersion "1"]
[SourceVersionDate "2025.06.11"]
[SourceQuality "1"]

1. e4 c5 2. Nf3 d6 3. d4 cxd4 4. Nxd4 Nf6 5. Nc3 a6 6. Bg5 e6 7. f4 Qb6 8. Qd2 Qxb2 9. Rb1 Qa3 10. e5 dxe5 11. fxe5 Nfd7 12. Be2 Be7 13. Ne4 Bxg5 14. Qxg5 Qa5+ 15. c3 Qxe5 16. Qh4 Nf6 17. Ng5 h6 18. Ngf3 Qe4 19. Qxe4 Nxe4 20. c4 Nd7 21. Bd3 Nec5 22. Bc2 b6 23. 0-0 Bb7 24. Rfe1 Bxf3 25. Nxf3 Ke7 26. Nd4 Rhc8 27. Nf5+ Kf8 28. Nd6 Rc6 29. Rbd1 Ra7 30. Ne4 Nxe4 31. Rxe4 Nf6 32. Red4 Ke7 33. Ba4 Rc5 34. Kf2 Rac7 35. Bb3 Rd7 36. Ke3 Re5+ 37. Kf4 Rf5+ 38. Kg3 Rxd4 39. Rxd4 Nd7 40. Ba4 Nc5 41. Bc6 Rf1 42. Rd2 Rc1 43. Rd4 Rc3+ 44. Kf2 Rc2+ 45. Kg3 Rxa2 46. h4 Ra3+ 47. Kf4 Rd3 48. Rxd3 Nxd3+ 49. Ke3 Ne5 50. Bb7 Nxc4+ 51. Kd4 Nd6 52. Bxa6 Nf5+ 53. Ke4 Nxh4 54. g3 Nf5 55. g4 Nd6+ 56. Kf4 f6 57. Bd3 g5+ 58. Ke3 f5 59. Kd4 Kf6 60. gxf5 exf5 61. Kd5 Nf7 62. Kc6 Ne5+ 63. Kxb6 Nxd3 64. Kb5 Ke5 65. Kc4 Ke4 66. Kc3 Ke3 67. Kc4 f4 68. Kd5 f3 0-1

[Event "Titled Tuesday intern op 03rd Jan Late"]
[Site "Chess.com INT"]
[Date "2025.06.03"]
[Round "1"]
[White "Garg, Priyansh"]
[Black "Leiva Rodriguez, Jeammarco Giuseppe"]
[Result "1-0"]
[WhiteElo "2102"]
[BlackElo "2387"]
[PlyCount "131"]
[EventDate "2025.06.03"]
[EventType "swiss (blitz)"]
[EventRounds "11"]
[EventCountry "USA"]
[SourceTitle "CB24_2025"]
[SourceDate "2025.06.11"]
[SourceVersion "1"]
[SourceVersionDate "2025.06.11"]
[SourceQuality "1"]

1. d4 d5 2. Nc3 Nf6 3. Bf4 a6 4. e3 b6 5. Bd3 Bb7 6. g4 e6 7. g5 Ne4 8. h4 Bd6 9. Nf3 Nxc3 10. bxc3 Nc6 11. c4 Bxf4 12. exf4 dxc4 13. Bxc4 Qd6 14. c3 Nxd4 15. Qxd4 Qxd4 16. cxd4 Bxf3 17. Rh3 Bd5 18. Bxd5 exd5 19. Rc1 Kd7 20. Rhc3 Rac8 21. f3 c6 22. a4 Kd6 23. Kd2 c5 24. Rb3 c4 25. Rxb6+ Rc6 26. Rcb1 Rhc8 27. Kc3 Rxb6 28. Rxb6+ Rc6 29. Rb7 Ke6 30. f5+ Kxf5 31. Rxf7+ Kg6 32. Rd7 Kh5 33. Rxg7 Kxh4 34. f4 Kg4 35. Rxh7 Kxf4 36. Rd7 Ke4 37. Re7+ Kf4 38. Re5 Rd6 39. g6 Rxg6 40. Rxd5 Rg1 41. Kxc4 Rc1+ 42. Kd3 Rd1+ 43. Kc2 Ra1 44. Kb3 Ke4 45. Rd8 Rb1+ 46. Kc4 Rc1+ 47. Kb4 Rd1 48. Kc5 Rc1+ 49. Kb6 Rc4 50. a5 Rc1 51. Kxa6 Rb1 52. Ka7 Rb5 53. a6 Rb4 54. Ka8 Rb6 55. a7 Rb1 56. Rb8 Rg1 57. Re8+ Kd5 58. Kb8 Rb1+ 59. Kc7 Rc1+ 60. Kd7 Rc6 61. a8Q Kc4 62. Qxc6+ Kd3 63. d5 Kd4 64. d6 Kd3 65. Kc8 Kd4 66. d7 1-0

[Event "Titled Tuesday intern op 03rd Jan Late"]
[Site "Chess.com INT"]
[Date "2025.06.03"]
[Round "4"]
[White "Leiva Rodriguez, Jeammarco Giuseppe"]
[Black "Grzesik, Gracjan"]
[Result "0-1"]
[WhiteElo "2387"]
[BlackElo "2175"]
[PlyCount "90"]
[EventDate "2025.06.03"]
[EventType "swiss (blitz)"]
[EventRounds "11"]
[EventCountry "USA"]
[SourceTitle "CB24_2025"]
[SourceDate "2025.06.11"]
[SourceVersion "1"]
[SourceVersionDate "2025.06.11"]
[SourceQuality "1"]

1. e4 c5 2. Nf3 d6 3. Bb5+ Bd7 4. Bxd7+ Qxd7 5. Ke2 Qg4 6. Nc3 Qxg2 7. Nd5 Na6 8. d3 Qg4 9. Rg1 Qd7 10. c4 e6 11. Nc3 Nf6 12. Bf4 Nh5 13. Be3 g6 14. Qd2 Bg7 15. Bh6 0-0 16. Bxg7 Kxg7 17. Rg4 Nb4 18. Rag1 e5 19. a3 Nc6 20. Nd5 Ne7 21. Qg5 Nxd5 22. cxd5 Nf4+ 23. Rxf4 exf4 24. Qxf4 f5 25. Ng5 Rae8 26. Ne6+ Rxe6 27. dxe6 Qxe6 28. Qe3 f4 29. Qf3 Qb3 30. Rd1 Qxb2+ 31. Kf1 Qe5 32. Rb1 b6 33. h4 Rf7 34. a4 Qd4 35. a5 bxa5 36. h5 a4 37. Rb8 a3 38. Qh3 Qe5 39. h6+ Kf6 40. Qh4+ Qg5 41. Qh3 a2 42. e5+ Qxe5 43. Qh4+ Qg5 44. Qxg5+ Kxg5 45. Rb1 axb1Q+ 0-1

[Event "Titled Tuesday intern op 03rd Jan Late"]
[Site "Chess.com INT"]
[Date "2025.06.03"]
[Round "5"]
[White "Reprintsev, Alexander"]
[Black "Leiva Rodriguez, Jeammarco Giuseppe"]
[Result "1-0"]
[WhiteElo "2256"]
[BlackElo "2387"]
[PlyCount "93"]
[EventDate "2025.06.03"]
[EventType "swiss (blitz)"]
[EventRounds "11"]
[EventCountry "USA"]
[SourceTitle "CB24_2025"]
[SourceDate "2025.06.11"]
[SourceVersion "1"]
[SourceVersionDate "2025.06.11"]
[SourceQuality "1"]

1. e4 c5 2. b3 d5 3. exd5 Nf6 4. Bb5+ Nbd7 5. c4 a6 6. Ba4 b5 7. cxb5 Nxd5 8. Nc3 N7b6 9. bxa6+ Nxa4 10. Nxa4 e6 11. Ne2 Bxa6 12. 0-0 Bd6 13. Re1 Qh4 14. Ng3 0-0 15. Ba3 Nb4 16. Bxb4 cxb4 17. Re4 Qh6 18. Nb6 Bb7 19. Rc4 Rad8 20. Qg4 f5 21. Qh5 Qf6 22. Rd1 e5 23. Rh4 h6 24. Nc4 Bb8 25. Rh3 e4 26. Qe2 Rfe8 27. Nh5 Qf7 28. g3 Rd3 29. Ne3 Red8 30. Nf4 Bxf4 31. gxf4 Ba6 32. Qh5 Rxd2 33. Rxd2 Rxd2 34. Qxf7+ Kxf7 35. Rh5 Be2 36. Rxf5+ Kg6 37. Rd5 Rxa2 38. f5+ Kf6 39. Kg2 Rb2 40. Kg3 Rxb3 41. Kf4 Bf3 42. Rd7 Rd3 43. Nd5+ Rxd5 44. Rxd5 g5+ 45. fxg6 Kxg6 46. Rd6+ Kh5 47. Rb6 1-0

[Event "Titled Tuesday intern op 06th May Early"]
[Site "Chess.com INT"]
[Date "2025.05.06"]
[Round "8"]
[White "Sygulski, Piotr"]
[Black "Leiva Rodriguez, Jeammarco Giuseppe"]
[Result "1-0"]
[WhiteElo "2204"]
[BlackElo "2387"]
[PlyCount "87"]
[EventDate "2025.05.06"]
[EventType "swiss (blitz)"]
[EventRounds "11"]
[EventCountry "USA"]
[SourceTitle "CB20_2025"]
[SourceDate "2025.05.14"]
[SourceVersion "1"]
[SourceVersionDate "2025.05.14"]
[SourceQuality "1"]

1. d4 d5 2. Nf3 Nf6 3. c4 e6 4. g3 Bb4+ 5. Nbd2 dxc4 6. Bg2 b5 7. a4 c6 8. Ne5 Nd5 9. 0-0 Bb7 10. Ne4 Nd7 11. Bd2 Be7 12. b3 Nxe5 13. dxe5 Qc7 14. bxc4 bxc4 15. Nd6+ Bxd6 16. exd6 Qxd6 17. Rb1 Qc7 18. e4 Nf6 19. Bf4 e5 20. Bxe5 Qxe5 21. Rxb7 0-0 22. Qc2 c3 23. Rc1 Rad8 24. h3 Rd2 25. Qxc3 Qxc3 26. Rxc3 Ra2 27. Rxa7 Re8 28. Rxc6 h5 29. Rc4 Ra1+ 30. Kh2 Ra2 31. Kg1 Ra1+ 32. Bf1 Nxe4 33. Rd4 Ra2 34. Rad7 Nxf2 35. Rd8 Rxd8 36. Rxd8+ Kh7 37. Ra8 f5 38. a5 Ne4 39. a6 Nxg3 40. Bd3 Kh6 41. a7 Kg5 42. Bc4 Kh4 43. Bxa2 Kxh3 44. Rh8 1-0

[Event "Titled Tuesday intern op 11th Mar Late"]
[Site "Chess.com INT"]
[Date "2025.03.11"]
[Round "1"]
[White "Andrade, Ivan"]
[Black "Leiva Rodriguez, Jeammarco Giuseppe"]
[Result "0-1"]
[WhiteElo "2161"]
[BlackElo "2387"]
[PlyCount "44"]
[EventDate "2025.03.11"]
[EventType "swiss (blitz)"]
[EventRounds "11"]
[EventCountry "USA"]
[SourceTitle "CB12_2025"]
[SourceDate "2025.03.19"]
[SourceVersion "1"]
[SourceVersionDate "2025.03.19"]
[SourceQuality "1"]

1. e4 c5 2. Nf3 d6 3. d4 cxd4 4. Nxd4 Nf6 5. Nc3 a6 6. f3 e5 7. Nb3 Be6 8. Be3 Be7 9. Qd2 Nbd7 10. g4 b5 11. 0-0-0 b4 12. Nd5 Bxd5 13. exd5 Nb6 14. Qxb4 Nfxd5 15. Bxb6 Nxb6 16. Na5 Qc7 17. Bd3 d5 18. Qc3 Qxc3 19. bxc3 0-0 20. h4 Rfc8 21. Kd2 Na4 22. c4 Bb4+ 0-1

[Event "Titled Tuesday intern op 11th Mar Late"]
[Site "Chess.com INT"]
[Date "2025.03.11"]
[Round "4"]
[White "Cap, Adam"]
[Black "Leiva Rodriguez, Jeammarco Giuseppe"]
[Result "0-1"]
[WhiteElo "2220"]
[BlackElo "2387"]
[PlyCount "74"]
[EventDate "2025.03.11"]
[EventType "swiss (blitz)"]
[EventRounds "11"]
[EventCountry "USA"]
[SourceTitle "CB12_2025"]
[SourceDate "2025.03.19"]
[SourceVersion "1"]
[SourceVersionDate "2025.03.19"]
[SourceQuality "1"]

1. e4 c5 2. c3 Nf6 3. e5 Nd5 4. Nf3 d6 5. Bb5+ Bd7 6. Bc4 e6 7. d4 cxd4 8. cxd4 Be7 9. 0-0 Bc6 10. exd6 Bxd6 11. Bg5 Qc7 12. Bxd5 Bxd5 13. Nc3 0-0 14. Nxd5 exd5 15. Qb3 h6 16. Be3 Qd7 17. Rfd1 Nc6 18. Ne5 Bxe5 19. dxe5 Rad8 20. Bc5 Rfe8 21. f4 Qf5 22. Qxb7 Na5 23. Qxa7 Ra8 24. Qc7 Rec8 25. Qd6 Nb7 26. Qxd5 Nxc5 27. Rac1 Qxf4 28. Rc3 Rd8 29. Qxd8+ Rxd8 30. Rxd8+ Kh7 31. Rf3 Qc1+ 32. Rf1 Qe3+ 33. Kh1 Ne4 34. Rd7 Nf2+ 35. Kg1 Nh3+ 36. Kh1 Qg1+ 37. Rxg1 Nf2# 0-1

[Event "Titled Tuesday intern op 11th Mar Early"]
[Site "Chess.com INT"]
[Date "2025.03.11"]
[Round "9"]
[White "Leiva Rodriguez, Jeammarco Giuseppe"]
[Black "Shirov, Alexei"]
[Result "0-1"]
[WhiteElo "2387"]
[BlackElo "2652"]
[PlyCount "64"]
[EventDate "2025.03.11"]
[EventType "swiss (blitz)"]
[EventRounds "11"]
[EventCountry "USA"]
[SourceTitle "CB12_2025"]
[SourceDate "2025.03.19"]
[SourceVersion "1"]
[SourceVersionDate "2025.03.19"]
[SourceQuality "1"]

1. e4 e6 2. d4 d5 3. Nc3 Nf6 4. e5 Nfd7 5. f4 c5 6. Nf3 Nc6 7. Be3 cxd4 8. Nxd4 Qb6 9. Qd2 Qxb2 10. Rb1 Qa3 11. Bb5 Nxd4 12. Bxd4 a6 13. Bxd7+ Bxd7 14. Rb3 Qe7 15. Rxb7 Qh4+ 16. Bf2 Qd8 17. Bb6 Qc8 18. Rc7 Qd8 19. Rb7 Qc8 20. Rc7 Qd8 21. Qd4 Ba3 22. 0-0 0-0 23. f5 Rc8 24. Rxc8 Qxc8 25. f6 g6 26. Qf4 Re8 27. Rf3 Qc4 28. Qh6 Bf8 29. Qd2 Rb8 30. Qd4 Qc6 31. Ba7 Rb7 32. Kh1 Qc7 0-1

[Event "Titled Tuesday intern op 11th Mar Early"]
[Site "Chess.com INT"]
[Date "2025.03.11"]
[Round "10"]
[White "Pajcin, Lav"]
[Black "Leiva Rodriguez, Jeammarco Giuseppe"]
[Result "0-1"]
[WhiteElo "2243"]
[BlackElo "2387"]
[PlyCount "132"]
[EventDate "2025.03.11"]
[EventType "swiss (blitz)"]
[EventRounds "11"]
[EventCountry "USA"]
[SourceTitle "CB12_2025"]
[SourceDate "2025.03.19"]
[SourceVersion "1"]
[SourceVersionDate "2025.03.19"]
[SourceQuality "1"]

1. d4 Nf6 2. c4 e6 3. Nf3 d5 4. g3 Bb4+ 5. Bd2 Be7 6. Bg2 0-0 7. 0-0 c6 8. Qc2 Nbd7 9. Bf4 b6 10. Nbd2 Nh5 11. e3 Bb7 12. cxd5 cxd5 13. Bc7 Qe8 14. Rac1 Rc8 15. Qa4 Nc5 16. Qxe8 Rfxe8 17. dxc5 Rxc7 18. cxb6 Rxc1 19. Rxc1 axb6 20. Rc7 Bc8 21. Nd4 Nf6 22. Bf1 Bd6 23. Rc6 Bc5 24. N2b3 Bd7 25. Rc7 Rc8 26. Rxc8+ Bxc8 27. Bb5 Kf8 28. Kf1 Ke7 29. Ke2 e5 30. Nc6+ Kd6 31. Nd8 Ke7 32. Nc6+ Kd6 33. a4 Bd7 34. Na7 Bg4+ 35. f3 Be6 36. Nc1 e4 37. Na2 exf3+ 38. Kxf3 Bg4+ 39. Kf2 Ne4+ 40. Ke1 Bxe3 41. Nb4 Bd2+ 42. Kf1 Bxb4 43. Nc8+ Kc7 44. Na7 Bf3 45. Nc6 f6 46. Nd4 Bg4 47. h3 Bc5 48. Nb3 Bxh3+ 49. Ke2 Bg4+ 50. Kd3 Nd6 51. Ba6 Bf5+ 52. Ke2 Nc4 53. a5 Nxa5 54. Nd2 Nc6 55. Bb5 Nd4+ 56. Kf2 Nxb5+ 57. Kg2 Nd6 58. g4 Bxg4 59. b4 Bxb4 60. Nb3 Nb5 61. Nc1 Bf5 62. Ne2 Be4+ 63. Kg3 g5 64. Kg4 Bd6 65. Kh5 Bg6+ 66. Kh6 Bf8# 0-1

[Event "Titled Tuesday intern op 11th Mar Late"]
[Site "Chess.com INT"]
[Date "2025.03.11"]
[Round "8"]
[White "Serban, Cristian Stefan"]
[Black "Leiva Rodriguez, Jeammarco Giuseppe"]
[Result "1-0"]
[WhiteElo "2332"]
[BlackElo "2387"]
[PlyCount "123"]
[EventDate "2025.03.11"]
[EventType "swiss (blitz)"]
[EventRounds "11"]
[EventCountry "USA"]
[SourceTitle "CB12_2025"]
[SourceDate "2025.03.19"]
[SourceVersion "1"]
[SourceVersionDate "2025.03.19"]
[SourceQuality "1"]

1. d4 Nf6 2. c4 e6 3. Nf3 d5 4. g3 Bb4+ 5. Bd2 Be7 6. Bg2 0-0 7. 0-0 c6 8. Qc2 Nbd7 9. Rd1 b6 10. Bf4 a5 11. Ne5 Bb7 12. Nc3 Nxe5 13. dxe5 Nd7 14. cxd5 cxd5 15. e4 d4 16. Rxd4 Qc7 17. Qd2 Nxe5 18. Nb5 Qc5 19. a4 Rad8 20. Rc1 Rxd4 21. Nxd4 Qd6 22. Qe3 Rc8 23. Rxc8+ Bxc8 24. Bf1 Qxd4 25. Bxe5 Qxe5 26. Qxb6 Qc5 27. Qb8 Bf8 28. Bb5 g5 29. Qa8 Kg7 30. Qxa5 Qd4 31. Qe1 Qxb2 32. Qe3 h6 33. h4 gxh4 34. gxh4 Qa1+ 35. Kg2 Be7 36. Qg3+ Kf8 37. Qb8 Qg7+ 38. Kh2 Qf6 39. Qxc8+ Kg7 40. Qc7 Qxh4+ 41. Kg2 Bg5 42. Qe5+ f6 43. Qxe6 Bf4 44. Qh3 Qg5+ 45. Kf3 Bc1 46. Qg4 Bd2 47. Qxg5+ hxg5 48. Kg4 Ba5 49. Kf5 Bb6 50. f3 Ba5 51. Ke6 Bc3 52. Kd5 f5 53. exf5 Kf6 54. Bd7 Ba5 55. Kc5 Bc3 56. Kb5 Ke5 57. a5 Kf4 58. a6 Bd4 59. f6 Kxf3 60. f7 Bg7 61. a7 g4 62. a8Q+ 1-0

[Event "Titled Tuesday intern op 11th Feb Early"]
[Site "Chess.com INT"]
[Date "2025.02.11"]
[Round "10"]
[White "De Lomas Busquets, Alba"]
[Black "Leiva Rodriguez, Jeammarco Giuseppe"]
[Result "0-1"]
[WhiteElo "2017"]
[BlackElo "2387"]
[PlyCount "62"]
[EventDate "2025.02.11"]
[EventType "swiss (blitz)"]
[EventRounds "11"]
[EventCountry "USA"]
[SourceTitle "CB08_2025"]
[SourceDate "2025.02.19"]
[SourceVersion "1"]
[SourceVersionDate "2025.02.19"]
[SourceQuality "1"]

1. d4 Nf6 2. Nf3 d5 3. e3 c5 4. dxc5 Nc6 5. a3 a5 6. Bb5 g6 7. Nc3 Bg7 8. 0-0 0-0 9. Bxc6 bxc6 10. Nd4 e5 11. Nf3 Qc7 12. Na4 e4 13. Nd4 Ng4 14. g3 Ne5 15. Nc3 Bg4 16. Qe1 Qd8 17. Nce2 Qf6 18. Bd2 g5 19. Bc3 Nf3+ 20. Nxf3 Qxf3 21. Nf4 gxf4 22. Qd1 Qxd1 23. Raxd1 Bxd1 24. Rxd1 Bxc3 25. bxc3 f3 26. c4 Rfd8 27. cxd5 Rxd5 28. Rb1 Rad8 29. h4 Rd1+ 30. Rxd1 Rxd1+ 31. Kh2 Rf1 0-1

[Event "Titled Tuesday intern op 11th Feb Early"]
[Site "Chess.com INT"]
[Date "2025.02.11"]
[Round "4"]
[White "Leiva Rodriguez, Jeammarco Giuseppe"]
[Black "Rushbrooke, Remy"]
[Result "1-0"]
[WhiteElo "2387"]
[BlackElo "2094"]
[PlyCount "83"]
[EventDate "2025.02.11"]
[EventType "swiss (blitz)"]
[EventRounds "11"]
[EventCountry "USA"]
[SourceTitle "CB09_2025"]
[SourceDate "2025.02.27"]
[SourceVersion "1"]
[SourceVersionDate "2025.02.27"]
[SourceQuality "1"]

1. e4 g6 2. d4 Bg7 3. Nf3 d6 4. Nc3 a6 5. h4 h5 6. Bc4 b5 7. Bb3 Bb7 8. Qe2 e6 9. Bg5 Ne7 10. e5 d5 11. a4 c5 12. dxc5 b4 13. Na2 a5 14. c3 Ba6 15. Qd2 Nbc6 16. cxb4 axb4 17. Nxb4 Nxe5 18. Nxe5 Bxe5 19. Nc6 Nxc6 20. Bxd8 Rxd8 21. Bd1 Rb8 22. Rb1 Rb4 23. Bc2 Bf4 24. Qc3 d4 25. Qf3 d3 26. Qxc6+ Kf8 27. 0-0 dxc2 28. Qxa6 cxb1Q 29. Rxb1 Kg7 30. g3 Be5 31. Qe2 Bf6 32. Qc2 Rhb8 33. c6 Rc8 34. Qc5 Rbb8 35. b4 Rc7 36. b5 Rbc8 37. Rd1 Be7 38. Qe3 Bf6 39. Qf4 e5 40. Qe4 Ra7 41. Rd7 Rxa4 42. Qxa4 1-0

[Event "Titled Tuesday intern op 11th Feb Early"]
[Site "Chess.com INT"]
[Date "2025.02.11"]
[Round "2"]
[White "Leiva Rodriguez, Jeammarco Giuseppe"]
[Black "Tavernier, Loris"]
[Result "1-0"]
[WhiteElo "2387"]
[BlackElo "2082"]
[PlyCount "45"]
[EventDate "2025.02.11"]
[EventType "swiss (blitz)"]
[EventRounds "11"]
[EventCountry "USA"]
[SourceTitle "CB09_2025"]
[SourceDate "2025.02.27"]
[SourceVersion "1"]
[SourceVersionDate "2025.02.27"]
[SourceQuality "1"]

1. e4 c6 2. d4 d5 3. exd5 cxd5 4. Bd3 Nf6 5. c3 Bg4 6. Qb3 Qd7 7. Bf4 Nc6 8. Nd2 e6 9. Ngf3 Bxf3 10. Nxf3 Bd6 11. Bg5 0-0 12. Bxf6 gxf6 13. Qc2 f5 14. Qd2 Kh8 15. h3 e5 16. dxe5 Nxe5 17. Nxe5 Bxe5 18. Qg5 Rae8 19. 0-0-0 Rg8 20. Qh5 f6 21. Bxf5 Qc7 22. Rxd5 Rg5 23. Qxe8+ 1-0

[Event "Titled Tuesday intern op 04th Feb Early"]
[Site "Chess.com INT"]
[Date "2025.02.04"]
[Round "2"]
[White "Leiva Rodriguez, Jeammarco Giuseppe"]
[Black "Rengifo Blancas, Renzo Jhonathan"]
[Result "0-1"]
[WhiteElo "2387"]
[BlackElo "2117"]
[PlyCount "94"]
[EventDate "2025.02.04"]
[EventType "swiss (blitz)"]
[EventRounds "11"]
[EventCountry "USA"]
[SourceTitle "CB07_2025"]
[SourceDate "2025.02.12"]
[SourceVersion "1"]
[SourceVersionDate "2025.02.12"]
[SourceQuality "1"]

1. e4 e5 2. Nf3 d6 3. Bc4 Nf6 4. Nc3 Be7 5. d4 exd4 6. Qxd4 c5 7. Qd3 0-0 8. 0-0 Nc6 9. h3 Be6 10. a3 a6 11. Bf4 Qb6 12. Rab1 Rad8 13. Rfd1 Rfe8 14. Bxe6 fxe6 15. Qc4 Bf8 16. Ng5 Nd4 17. Rxd4 cxd4 18. Nxe6 dxc3 19. Nxd8+ d5 20. Qxc3 Qxd8 21. exd5 Qxd5 22. Be3 Qf7 23. Bd4 Ne4 24. Qd3 Bc5 25. Re1 Bxd4 26. Qxd4 Nf6 27. Rxe8+ Nxe8 28. Qe5 h6 29. c4 Qd7 30. b4 Qd1+ 31. Kh2 Qd6 32. f4 Qxe5 33. fxe5 Kf7 34. Kg3 Nc7 35. Kf4 Ne6+ 36. Ke4 Ke7 37. h4 g5 38. h5 Ng7 39. g4 Ke6 40. Kd4 b6 41. a4 Ne8 42. Ke4 Nc7 43. Kd4 Na8 44. Ke4 Nc7 45. Kd4 b5 46. cxb5 axb5 47. axb5 Nxb5+ 0-1

[Event "Titled Tuesday intern op 04th Feb Early"]
[Site "Chess.com INT"]
[Date "2025.02.04"]
[Round "4"]
[White "Leiva Rodriguez, Jeammarco Giuseppe"]
[Black "Soto, Cristian Camilo"]
[Result "1-0"]
[WhiteElo "2387"]
[BlackElo "2093"]
[PlyCount "53"]
[EventDate "2025.02.04"]
[EventType "swiss (blitz)"]
[EventRounds "11"]
[EventCountry "USA"]
[SourceTitle "CB07_2025"]
[SourceDate "2025.02.12"]
[SourceVersion "1"]
[SourceVersionDate "2025.02.12"]
[SourceQuality "1"]

1. e4 c5 2. Nf3 e6 3. d4 cxd4 4. Nxd4 Nf6 5. Nc3 Nc6 6. a3 d5 7. exd5 Nxd5 8. Nxc6 bxc6 9. Bd2 Bd6 10. Be2 0-0 11. 0-0 Qc7 12. g3 e5 13. Bf3 Be6 14. Qe2 Rad8 15. Ne4 Be7 16. Rfe1 f5 17. Ng5 Bxg5 18. Bxg5 e4 19. Bxd8 Qxd8 20. Bg2 Nf6 21. Rad1 Qb6 22. b4 Nd5 23. Qd2 Qa6 24. Bf1 Qxa3 25. Bc4 Kf7 26. c3 Nxc3 27. Qd7+ 1-0

[Event "Titled Tuesday intern op 04th Feb Late"]
[Site "Chess.com INT"]
[Date "2025.02.04"]
[Round "2"]
[White "Leiva Rodriguez, Jeammarco Giuseppe"]
[Black "Swara, Lakshmi S Nair"]
[Result "1-0"]
[WhiteElo "2387"]
[BlackElo "2216"]
[PlyCount "87"]
[EventDate "2025.02.04"]
[EventType "swiss (blitz)"]
[EventRounds "11"]
[EventCountry "USA"]
[SourceTitle "CB07_2025"]
[SourceDate "2025.02.12"]
[SourceVersion "1"]
[SourceVersionDate "2025.02.12"]
[SourceQuality "1"]

1. e4 c5 2. Nf3 d6 3. d4 cxd4 4. Nxd4 Nf6 5. Nc3 g6 6. Be3 Bg7 7. f3 Nc6 8. Qd2 0-0 9. Bc4 Nxd4 10. Bxd4 Be6 11. Bb3 Qa5 12. 0-0-0 b5 13. Kb1 b4 14. Nd5 Bxd5 15. exd5 Qb5 16. Rhe1 Rfe8 17. Qe2 Qd7 18. Qa6 Rec8 19. Ba4 Qd8 20. Bc6 Rab8 21. Bxa7 Ra8 22. Qb6 Rxc6 23. Qxd8+ Rxd8 24. dxc6 Rc8 25. Rxe7 Rxc6 26. Bd4 Kf8 27. Rb7 Nd5 28. Bxg7+ Kxg7 29. Rxd5 Rc4 30. b3 Rc5 31. Rxc5 dxc5 32. Kc1 h5 33. Kd2 Kf6 34. Kd3 Ke6 35. Kc4 Kd6 36. Rxf7 Kc6 37. Rf6+ Kb7 38. Kxc5 Kb8 39. Kc6 g5 40. Rf8+ Ka7 41. g3 g4 42. fxg4 hxg4 43. Rg8 Ka6 44. Ra8# 1-0

[Event "Titled Tuesday intern op 04th Feb Early"]
[Site "Chess.com INT"]
[Date "2025.02.04"]
[Round "5"]
[White "Miszler, Levente"]
[Black "Leiva Rodriguez, Jeammarco Giuseppe"]
[Result "1-0"]
[WhiteElo "2291"]
[BlackElo "2387"]
[PlyCount "117"]
[EventDate "2025.02.04"]
[EventType "swiss (blitz)"]
[EventRounds "11"]
[EventCountry "USA"]
[SourceTitle "CB07_2025"]
[SourceDate "2025.02.12"]
[SourceVersion "1"]
[SourceVersionDate "2025.02.12"]
[SourceQuality "1"]

1. c4 e6 2. g3 d5 3. Bg2 c6 4. Nf3 f5 5. 0-0 Nf6 6. d3 Be7 7. Nbd2 0-0 8. e4 Na6 9. e5 Nd7 10. d4 Nc7 11. Re1 b6 12. b3 Bb7 13. a4 a5 14. Nf1 c5 15. cxd5 Nxd5 16. Ne3 Rc8 17. Nc4 Nc3 18. Qd3 Ne4 19. Nfd2 cxd4 20. Nxe4 Bxe4 21. Bxe4 Nc5 22. Qb1 Nxe4 23. Rxe4 fxe4 24. Qxe4 Bc5 25. Bf4 Qd5 26. Qd3 Rxf4 27. gxf4 Rf8 28. Qg3 Qe4 29. Nd2 Qxf4 30. Qxf4 Rxf4 31. Rc1 Kf7 32. Kg2 Ke7 33. f3 Kd7 34. Ne4 Kc6 35. Nf2 Kd5 36. Nd3 Rf8 37. Re1 Rc8 38. Re4 Be7 39. Nf4+ Kc6 40. Rxd4 Bc5 41. Re4 Re8 42. Nh5 g6 43. Nf6 Re7 44. Rc4 b5 45. axb5+ Kxb5 46. f4 Bb4 47. Rd4 Rc7 48. Ne4 Rc2+ 49. Kg3 Re2 50. Kf3 Rxh2 51. Ng5 Rh4 52. Nxe6 Rh3+ 53. Ke4 Rxb3 54. Rd5+ Kc6 55. Nd4+ Kb6 56. Nxb3 a4 57. Nc1 Ba3 58. Na2 Bb2 59. e6 1-0

[Event "Titled Tuesday intern op 04th Feb Late"]
[Site "Chess.com INT"]
[Date "2025.02.04"]
[Round "3"]
[White "Tang, Andrew"]
[Black "Leiva Rodriguez, Jeammarco Giuseppe"]
[Result "1-0"]
[WhiteElo "2529"]
[BlackElo "2387"]
[PlyCount "51"]
[EventDate "2025.02.04"]
[EventType "swiss (blitz)"]
[EventRounds "11"]
[EventCountry "USA"]
[SourceTitle "CB07_2025"]
[SourceDate "2025.02.12"]
[SourceVersion "1"]
[SourceVersionDate "2025.02.12"]
[SourceQuality "1"]

1. d4 Nf6 2. Nf3 e6 3. Bf4 d5 4. e3 c5 5. Be2 Bd6 6. dxc5 Bxc5 7. 0-0 0-0 8. c4 dxc4 9. Bxc4 a6 10. Nc3 b5 11. Bd3 Bb7 12. Rc1 Nbd7 13. Qc2 Qe7 14. Ne5 h6 15. Rfd1 Nxe5 16. Bxe5 Rac8 17. a3 Ng4 18. Bf4 Qf6 19. Qe2 h5 20. Be4 Bxe4 21. Nxe4 Qf5 22. Nxc5 Rxc5 23. Rxc5 Qxc5 24. Bd6 Qg5 25. Bxf8 Kxf8 26. Qd2 1-0

[Event "Iberoamerican-ch 10th"]
[Site "Linares"]
[Date "2024.09.30"]
[Round "8"]
[White "Goncalves, Samuel Jesus P"]
[Black "Leiva Rodriguez, Jeammarco Giuseppe"]
[Result "0-1"]
[WhiteElo "2169"]
[BlackElo "2389"]
[PlyCount "120"]
[EventDate "2024.09.25"]
[EventType "swiss"]
[EventRounds "9"]
[EventCountry "ESP"]
[SourceTitle "EXT 2025"]
[Source "ChessBase"]
[SourceDate "2024.10.14"]
[SourceVersion "1"]
[SourceVersionDate "2024.10.14"]
[SourceQuality "1"]

1. e4 e5 2. Nf3 Nc6 3. Bc4 Nf6 4. d3 Bc5 5. 0-0 d6 6. c3 0-0 7. Re1 Bb6 8. a4 a6 9. h3 Ne7 10. d4 exd4 11. Bg5 Ng6 12. cxd4 h6 13. Bxf6 Qxf6 14. Nc3 c6 15. e5 Qd8 16. Bb3 d5 17. Bc2 Nh4 18. Ra3 g6 19. Ne2 Ba5 20. Rf1 Bb4 21. Rb3 a5 22. Nxh4 Qxh4 23. Rg3 Kh8 24. f4 Rg8 25. Kh2 Be6 26. f5 gxf5 27. Rf4 Qh5 28. Qf1 Rg5 29. Rxg5 Qxg5 30. Bxf5 Rg8 31. Bxe6 fxe6 32. h4 Qg7 33. g3 Be7 34. Rf7 Rf8 35. Rxf8+ Bxf8 36. Qf3 c5 37. Nf4 Qf7 38. dxc5 Bxc5 39. Qg4 Bd4 40. b3 Kh7 41. Qxe6 Qxe6 42. Nxe6 Bxe5 43. Nc5 b6 44. Nd7 Bd4 45. Nf8+ Kg8 46. Ne6 Be5 47. Kg2 Kf7 48. Nd8+ Ke8 49. Nc6 Bf6 50. Kf3 Kd7 51. Na7 Kd6 52. Ke3 Kc5 53. Kd3 h5 54. Nc8 Be5 55. Ne7 Bxg3 56. Nf5 Be5 57. Ne3 d4 58. Nc2 Bf6 59. Ke4 Bxh4 60. Nxd4 Kb4 0-1